| 000 | 00936nam a22002657a 4500 | ||
|---|---|---|---|
| 001 | 14482 | ||
| 003 | BD-JhCC | ||
| 005 | 20251209124404.0 | ||
| 008 | 251209b |||||||| |||| 00| 0 eng d | ||
| 020 | _a9789848800249 | ||
| 035 | _a(BD-JhCC) 14482 | ||
| 040 |
_aBD-JhCC _dBD-JhCC |
||
| 041 | _aবাংলা | ||
| 082 |
_223 _a891.443 _bMEH 2022 |
||
| 100 | _a মেহেদী হাসান, খোন্দকার | ||
| 245 |
_aগেস্ট হাউজের খুনি / _cখোন্দকার মেহেদী হাসান |
||
| 246 | _aGuest Houser Khuni | ||
| 260 |
_aঢাকা: _bঅবসর, _c2022 |
||
| 300 |
_a124 পৃ.; _c22 সেমি. _eপেপার বাইন্ডিং |
||
| 490 | _aগোয়েন্দা গুলজার হোসেন | ||
| 650 | _aবাংলা সাহিত্য | ||
| 650 | _aছোট গল্প | ||
| 942 |
_2ddc _cBK |
||
| 999 |
_c14482 _d14482 |
||